书目信息 |
| 题名: |
人性的弱点故事全集
|
|
| 作者: | 卡内基 著 ;王中合 编译 | |
| 分册: | ||
| 出版信息: | 北京 中国商业出版社 2004 |
|
| 页数: | 327页 | |
| 开本: | 23cm | |
| 丛书名: | ||
| 单 册: | ||
| 中图分类: | C912.1 | |
| 科图分类: | ||
| 主题词: | 人间交往--通俗读物 , 人间交往 | |
| 电子资源: | ||
| ISBN: | 978-7-5044-5160-6 | |
| 000 | 01057nam0 2200277 45 | |
| 001 | 1138489000 | |
| 005 | 20110419111603.92 | |
| 010 | @a978-7-5044-5160-6@dCNY23.80 | |
| 100 | @a20110409e20102004em y0chiy0110 ea | |
| 101 | 1 | @achi@ceng |
| 102 | @aCN@b110000 | |
| 105 | @ay z 000yy | |
| 106 | @ar | |
| 200 | 1 | @a人性的弱点故事全集@ARen Xing De Ruo Dian Gu Shi Quan Ji@f(美)戴尔·卡耐基著@F( Mei ) Dai Er· Ka Nai Ji Zhu@g王中合编译 |
| 210 | @a北京@c中国商业出版社@d2004@h2010 | |
| 215 | @a327页@d23cm | |
| 300 | @a20世纪最伟大的心灵导师 | |
| 330 | @a本书的唯一目的就是帮助你解决你所面临的最大问题:如何在你的日常生活、商务活动与社会交往中与人打交道,并有效地影响他人,如何击败人类的生存之敌——忧虑,以创造一种幸福美好的人生。 | |
| 510 | 1 | @aWeak Points in Your Characters@zeng |
| 606 | 0 | @a人间交往@j通俗读物 |
| 606 | 0 | @a人间交往 |
| 690 | @aC912.1@v4 | |
| 701 | 1 | @c(美)@a卡内基@AKa Nei Ji@g(Carnegie, Dale@f1888~1955)@4著 |
| 702 | 0 | @a王中合@AWang Zhong He@4编译 |
| 801 | 0 | @aCN@bTANGWEI@c20110419 |
| 905 | @b0536176-80@dC912.1@e732@f5 | |
| 人性的弱点故事全集/(美)戴尔·卡耐基著/王中合编译.-北京:中国商业出版社,2004(2010) |
| 327页;23cm |
| 20世纪最伟大的心灵导师 |
| ISBN 978-7-5044-5160-6:CNY23.80 |
| 本书的唯一目的就是帮助你解决你所面临的最大问题:如何在你的日常生活、商务活动与社会交往中与人打交道,并有效地影响他人,如何击败人类的生存之敌——忧虑,以创造一种幸福美好的人生。 |
| ● |
| 相关链接 |
|
|
|
|
正题名:人性的弱点故事全集
索取号:C912.1/732
 
预约/预借
| 序号 | 登录号 | 条形码 | 馆藏地/架位号 | 状态 | 备注 |
| 1 | 0536176 | 205361767 | 第一样本阅览室/ [索取号:C912.1/732] | 在馆 | |
| 2 | 0536177 | 205361776 | 第一借阅区/ [索取号:C912.1/732] | 在馆 | |
| 3 | 0536178 | 205361785 | 第一借阅区/ [索取号:C912.1/732] | 在馆 | |
| 4 | 0536179 | 205361794 | 第一借阅区/ [索取号:C912.1/732] | 在馆 | |
| 5 | 0536180 | 205361801 | 第一借阅区/ [索取号:C912.1/732] | 在馆 |